000
00303nam a22001337a 4500
008
170817b xxu||||| |||| 00| 0 eng d
020
_a
0805393013
041
_a
eng
080
_2
2ND
_a
51
100
_a
36
101
_a
MAT
245
_a
MATHEMATICS AND THE MODERN WORLD
_c
TRIOLA,M.F
942
_2
udc
_c
BK
999
_c
24013
_d
24013